Globalization and deregulation: (Record no. 85148)

MARC details
000 -LEADER
fixed length control field 00684nam a22001937a 4500
005 - DATE AND TIME OF LATEST TRANSACTION
control field 20140623150411.0
010 ## - LCCN (DPL NO)
LC control number ENG-110343
020 ## - INTERNATIONAL STANDARD BOOK NUMBER
International Standard Book Number 9780198096177
Terms of availability 795.00
035 ## - SYSTEM CONTROL NUMBER
System control number EN-93875
037 ## - SOURCE OF ACQUISITION
Source of stock number/acquisition DBAD/PUB
100 ## - MAIN ENTRY--PERSONAL NAME
Personal name Mukherji, Rahul
245 ## - TITLE STATEMENT
Title Globalization and deregulation:
Statement of responsibility, etc by Rahul Mukherji
Remainder of title ideas, interests, and institutional change in India/
260 ## - PUBLICATION, DISTRIBUTION, ETC. (IMPRINT)
Place of publication, distribution, etc New Delhi
Name of publisher, distributor, etc Oxford University Press
Date of publication, distribution, etc 2014
270 ## - ADDRESS
Address YMCA Library Building, 1 Jai Singh Road
City New Delhi
Postal code 110001
300 ## - PHYSICAL DESCRIPTION
Extent xvi,227p.
Dimensions 23cm(Hb)
490 ## - SERIES STATEMENT
Series statement The oxford international relations in south Asia series
500 ## - GENERAL NOTE
General note Includes bibliographical references and index
942 ## - ADDED ENTRY ELEMENTS (KOHA)
Source of classification or shelving scheme Dewey Decimal Classification
Item type English Books
Call number suffix MUK
Holdings
Withdrawn status Lost status Not for loan Collection code Home library Current library Date acquired Source of acquisition Cost, normal purchase price Full call number Barcode Copy number Cost, replacement price Koha item type
    Not For Loan Non-fiction D.B.Act.Division D.B.Act.Division 16/06/2014 ENG-110343 795.00 MUK EN-93875 1 795.00 English Books

© Delhi Public Library
Hit Counter
free hit counter